Statistics for Most useless countries

Click here to take the quiz!

General Stats

  • This quiz has been taken 29 times
  • The average score is 7 of 30

Answer Stats

Yep% Correct
25.United States
57%
29.North Korea
54%
1.Vatican City
54%
2.Monaco
46%
7.Andorra
43%
3.San Marino
43%
4.Liechtenstein
39%
18.Fiji
32%
13.Moldova
32%
5.Nauru
32%
12.Malta
25%
6.Micronesia
25%
16.Bhutan
21%
15.Iceland
21%
28.Mongolia
21%
17.Vanuatu
21%
26.Afghanistan
18%
8.Bahrain
18%
10.Grenada
18%
20.Suriname
18%
11.Barbados
14%
23.Bahamas
11%
19.Cape Verde
11%
9.Comoros
11%
27.Lebanon
11%
14.Singapore
11%
24.Equatorial Guinea
7%
21.Papua New Guinea
7%
22.Colombia
4%
30.Mauritius
4%

Score Distribution

Percentile by Number Answered

Percent of People with Each Score

Your Score History

You have not taken this quiz